|
|
|
|
| LEADER |
01795nam a2200445 a 4500 |
| 001 |
EBC1772570 |
| 003 |
MiAaPQ |
| 005 |
20200520144314.0 |
| 006 |
m o d | |
| 007 |
cr cn||||||||| |
| 008 |
060707s2006 enk sb 101 0 eng d |
| 010 |
|
|
|z 2006279003
|
| 020 |
|
|
|z 1841136158 (hbk.)
|
| 020 |
|
|
|z 9781841136158
|
| 024 |
3 |
|
|z 9781841136166
|
| 035 |
|
|
|a (MiAaPQ)EBC1772570
|
| 035 |
|
|
|a (Au-PeEL)EBL1772570
|
| 035 |
|
|
|a (CaPaEBR)ebr10276262
|
| 035 |
|
|
|a (CaONFJC)MIL80102
|
| 035 |
|
|
|a (OCoLC)476036861
|
| 040 |
|
|
|a MiAaPQ
|c MiAaPQ
|d MiAaPQ
|
| 050 |
|
4 |
|a K1824
|b .P74 2006
|
| 245 |
0 |
0 |
|a Precarious work, women and the new economy
|h [electronic resource] :
|b the challenge to legal norms /
|c edited by Judy Fudge and Rosemary Owens.
|
| 260 |
|
|
|a Oxford :
|b Hart Publishing,
|c 2006.
|
| 300 |
|
|
|a xxx, 401 p.
|
| 490 |
1 |
|
|a Onati international series in law and society
|
| 500 |
|
|
|a A series published for the Onati Institute for the Sociology of Law.
|
| 504 |
|
|
|a Includes bibliographical references and index.
|
| 533 |
|
|
|a Electronic reproduction. Ann Arbor, MI : ProQuest, 2015. Available via World Wide Web. Access may be limited to ProQuest affiliated libraries.
|
| 650 |
|
0 |
|a Women
|x Employment
|x Law and legislation
|v Congresses.
|
| 650 |
|
0 |
|a Labor contract
|x Economic aspects
|v Congresses.
|
| 650 |
|
0 |
|a Temporary employment
|x Law and legislation
|v Congresses.
|
| 650 |
|
0 |
|a Flextime
|x Law and legislation
|v Congresses.
|
| 653 |
|
|
|a Precarious employment relationships
|
| 655 |
|
4 |
|a Electronic books.
|
| 700 |
1 |
|
|a Fudge, Judy.
|
| 700 |
1 |
|
|a Owens, Rosemary J.
|
| 710 |
2 |
|
|a ProQuest (Firm)
|
| 830 |
|
0 |
|a Onati international series in law and society.
|
| 856 |
4 |
0 |
|u https://ebookcentral.proquest.com/lib/matrademy/detail.action?docID=1772570
|z Click to View
|